000 00710nam a22002297a 4500
003 OSt
005 20150408114217.0
008 140513s2013 enka g b 001 0 eng d
020 _a9781408271582
040 _aMa-Un
082 0 4 _222
_a658.15
_bPRM
245 0 0 _aPrinciples of managerial finance /
_cLawrence J. Gitman... [et al.]
246 3 0 _aManagerial finance
250 _a1st ed.,
_bArab World ed.
260 _aLondon :
_bPearson Education Limited,
_c2013.
300 _a1 v. (various pagings) :
_bill. ;
_c28 cm.
504 _aIncludes bibliographies and index.
650 _aCorporations
_xFinance
650 _aBusiness enterprises
_xFinance
700 1 _aGitman, Lawrence J
942 _2ddc
_cBOOK
999 _c34960
_d269460